000 00751nam a2200265Ia 4500
003 OSt
005 20220928130220.0
006 a|||||r|||| 00| 0
007 ta
008 220927b |||||||| |||| 00| 0 eng d
020 _c650
024 _a115424
037 _b245, 29/02/2012, Classic Book Service
_cTextual
040 _aSDCL
_cSDCL
_beng
041 _2eng
_aeng
082 _aB2895, N6
100 _aBrassard Gilles
245 0 _aFundamentals of algorithmics.
260 _aNew Delhi
_bPHI Learning
_c1996
300 _axx,524p
_ccm.
650 _aI I C
700 _a Bratley Paul
942 _hB2895, N6
_cTEXL
_2CC
999 _c785712
_d785712